[Event "Rated Blitz game"]
[Site "?"]
[Date "2021.04.19"]
[Round "?"]
[White "wblodw"]
[Black "annaly1979"]
[Result "0-1"]
[WhiteElo "2438"]
[BlackElo "2420"]
[PlyCount "82"]
[EventDate "2021.??.??"]
[EventType "blitz"]

1. e4 e5 2. Nf3 d5 3. d4 dxe4 4. Nxe5 Bd6 5. Nc4 Nf6 6. Nxd6+ cxd6 7. d5 h6 8.
Nc3 O-O 9. Be2 Bf5 10. O-O Nbd7 11. h3 a6 12. Be3 Rc8 13. Qd2 Bg6 14. Rfe1 Re8
15. Bf1 Ne5 16. b3 Qc7 17. Bd4 b5 18. Rac1 b4 19. Nd1 a5 20. Ne3 Nfd7 21. Bb5
f5 22. Nf1 Re7 23. Nh2 Nc5 24. f4 exf3 25. Nxf3 Nxf3+ 26. gxf3 Rf8 27. Kf2 f4
28. Bf1 Qd8 29. Kg1 Rxe1 30. Rxe1 Qh4 31. Qg2 Qxe1 32. Qxg6 Rf7 33. Bf2 Qe7 34.
Kh2 Nd7 35. Bd3 Nf6 36. Qf5 Qe5 37. Qc8+ Rf8 38. Qc7 Nxd5 39. Qa7 Ne3 40. Be4
Qg5 41. Bxe3 fxe3 {Normal} 0-1

[Event "Rated Blitz game"]
[Site "?"]
[Date "2021.04.19"]
[Round "?"]
[White "markljubarov"]
[Black "DarthZannah"]
[Result "0-1"]
[WhiteElo "2382"]
[BlackElo "2510"]
[PlyCount "125"]
[EventDate "2021.??.??"]
[EventType "blitz"]

1. e4 e5 2. Nf3 d5 3. Nxe5 dxe4 4. d4 Nd7 5. Nc3 Bb4 6. Bf4 Ngf6 7. Bc4 O-O 8.
O-O Nb6 9. Bb3 Nfd5 10. Nxd5 Nxd5 11. Bg3 c6 12. a3 Ba5 13. c4 Ne7 14. d5 cxd5
15. cxd5 Nf5 16. Re1 e3 17. Rxe3 Nxe3 18. fxe3 Bb6 19. Qd3 Qg5 20. Nc4 Bf5 21.
Qe2 Bc5 22. Kh1 Rfe8 23. Re1 b5 24. Ne5 Be4 25. Qxb5 Rab8 26. Qxc5 Rxb3 27. Qc4
Rxe3 28. Rxe3 Qxe3 29. d6 Bd5 30. d7 Rf8 31. Qb4 Qc1+ 32. Be1 Qc7 33. Qc3 Qd6
34. Bg3 Be4 35. h4 Bf5 36. Qc4 Bxd7 37. Nxf7 Qd1+ 38. Kh2 Rxf7 39. Qc7 h6 40.
Bd6 Qd5 41. Qd8+ Kh7 42. Bg3 Be6 43. Qb8 a5 44. Qb6 a4 45. Qe3 Qb3 46. Qe4+ Bf5
47. Qd4 Rd7 48. Qe5 Qe6 49. Qf4 Rb7 50. Qxa4 Rxb2 51. Qd4 Ra2 52. Be5 Qg6 53.
Bg3 Be4 54. Qe5 Rxg2+ 55. Kh3 Rxg3+ 56. Qxg3 Qxg3+ 57. Kxg3 Kg6 58. a4 Kh5 59.
a5 Bb7 60. Kh3 Bc8+ 61. Kg3 g6 62. Kf4 Kxh4 63. Ke5 {Normal} 0-1

[Event "Rated Blitz game"]
[Site "?"]
[Date "2021.04.19"]
[Round "?"]
[White "UnholyCrusade"]
[Black "Gifroy"]
[Result "1/2-1/2"]
[WhiteElo "2490"]
[BlackElo "2397"]
[PlyCount "86"]
[EventDate "2021.??.??"]
[EventType "blitz"]

1. e4 e5 2. Nf3 d5 3. exd5 e4 4. Qe2 Nf6 5. Nc3 Be7 6. Nxe4 O-O 7. Nxf6+ Bxf6
8. d4 c6 9. Be3 Bg4 10. h3 Bh5 11. g4 Bg6 12. Bg2 cxd5 13. O-O Nc6 14. c3 Re8
15. Qd2 Be4 16. Rfe1 h5 17. g5 Be7 18. Bf4 Bd6 19. Nh4 Bxg2 20. Nxg2 Qc7 21.
Bxd6 Qxd6 22. Qf4 Qd7 23. Qf3 g6 24. Nf4 Qf5 25. h4 Re4 26. Rxe4 dxe4 27. Qg3
Re8 28. Ng2 Ne7 29. Ne3 Qb5 30. b3 Nf5 31. Nxf5 Qxf5 32. Re1 Re6 33. c4 Ra6 34.
Re2 e3 35. Rxe3 Rxa2 36. Rf3 Ra1+ 37. Kg2 Qe6 38. Qb8+ Kh7 39. Qf8 Qg4+ 40. Rg3
Qe4+ 41. Rf3 Qg4+ 42. Rg3 Qe4+ 43. Rf3 Qg4+ {Normal} 1/2-1/2

[Event "Rated Blitz game"]
[Site "?"]
[Date "2021.04.19"]
[Round "?"]
[White "Eggplant"]
[Black "Gifroy"]
[Result "1-0"]
[WhiteElo "2497"]
[BlackElo "2403"]
[PlyCount "79"]
[EventDate "2021.??.??"]
[EventType "blitz"]

1. e4 e5 2. Nf3 d5 3. d4 dxe4 4. Nxe5 Bd6 5. Nc4 Be7 6. Nc3 Bf5 7. Ne3 Bg6 8.
Bc4 Nf6 9. O-O O-O 10. Ncd5 Nxd5 11. Bxd5 c6 12. Bb3 Nd7 13. c3 Kh8 14. f3 f5
15. fxe4 fxe4 16. Bd2 Nf6 17. Qe2 Qc7 18. Nf5 Bxf5 19. Rxf5 Bd6 20. g3 e3 21.
Qxe3 Rae8 22. Qd3 Ng4 23. Raf1 Rxf5 24. Rxf5 Qe7 25. Qf3 Qe2 26. Qxe2 Rxe2 27.
Bf4 Be7 28. h3 Nf6 29. Re5 Rxe5 30. Bxe5 Ne4 31. Kg2 Bf6 32. Bxf6 Nxf6 33. Kf3
g6 34. Kf4 Kg7 35. Ke5 g5 36. Bd1 Kf7 37. Kf5 h6 38. Bf3 Ne8 39. Bh5+ Ke7 40.
Bxe8 {Normal} 1-0

[Event "Rated Blitz game"]
[Site "?"]
[Date "2021.04.19"]
[Round "?"]
[White "Vihajaisestatulesta"]
[Black "KamranShirazi"]
[Result "1-0"]
[WhiteElo "2424"]
[BlackElo "2524"]
[PlyCount "61"]
[EventDate "2021.??.??"]
[EventType "blitz"]

1. e4 e5 2. Nf3 d5 3. exd5 e4 4. Qe2 Nf6 5. d3 Bb4+ 6. c3 O-O 7. dxe4 Bc5 8.
Bg5 Re8 9. Nbd2 c6 10. O-O-O cxd5 11. Nb3 Bb6 12. e5 Nc6 13. h4 Bg4 14. Qc2
Nxe5 15. Be2 Bxf2 16. Nxe5 Rxe5 17. Bxg4 Rxg5 18. hxg5 Nxg4 19. Qxh7+ Kf8 20.
Qh8+ Ke7 21. Qxg7 Qd6 22. Nd4 Qf4+ 23. Kb1 Bxd4 24. Rxd4 Qf5+ 25. Ka1 Rd8 26.
Re1+ Kd6 27. a3 Kd7 28. Rxg4 Qxg4 29. Qxf7+ Kc8 30. g6 Qd7 31. Re7 {Time
forfeit} 1-0

[Event "Rated Blitz game"]
[Site "?"]
[Date "2021.04.19"]
[Round "?"]
[White "AlexIwanowitschL"]
[Black "pasha1984"]
[Result "1-0"]
[WhiteElo "2384"]
[BlackElo "2470"]
[PlyCount "49"]
[EventDate "2021.??.??"]
[EventType "blitz"]

1. e4 e5 2. Nf3 d5 3. Nxe5 dxe4 4. d4 Bd6 5. Bb5+ c6 6. Bc4 Bxe5 7. dxe5 Qxd1+
8. Kxd1 Bg4+ 9. Be2 Bf5 10. Bf4 Nd7 11. g4 Bg6 12. h4 h5 13. gxh5 Bxh5 14. Nd2
O-O-O 15. Ke1 Ne7 16. Nxe4 Ng6 17. Bg5 f6 18. Bxh5 Rxh5 19. exf6 Re8 20. f3
gxf6 21. Be3 Kc7 22. Kf2 f5 23. Ng3 Rxh4 24. Nxf5 Reh8 25. Nxh4 {Normal} 1-0

[Event "Rated Blitz game"]
[Site "?"]
[Date "2021.04.19"]
[Round "?"]
[White "Muerto2014"]
[Black "annaly1979"]
[Result "0-1"]
[WhiteElo "2368"]
[BlackElo "2409"]
[PlyCount "72"]
[EventDate "2021.??.??"]
[EventType "blitz"]

1. e4 e5 2. Nf3 d5 3. Nc3 dxe4 4. Nxe4 f5 5. Ng3 e4 6. Ne5 Nf6 7. d4 Nc6 8.
Nxc6 bxc6 9. Bc4 Bd6 10. Ne2 Nd5 11. Bb3 a5 12. c4 a4 13. cxd5 axb3 14. Qxb3
Ba6 15. dxc6 Rb8 16. Qe6+ Qe7 17. Qxe7+ Kxe7 18. Nc3 h6 19. h4 Ke6 20. a3 Bd3
21. b4 Ra8 22. Bb2 g5 23. g3 e3 24. d5+ Kf7 25. Nb5 Bxb5 26. Bxh8 Rxh8 27. hxg5
Re8 28. Rxh6 Be5 29. Rc1 Bb2 30. Rc2 Bxa3 31. Re6 Bxb4+ 32. Kd1 e2+ 33. Rcxe2
Bxe2+ 34. Kxe2 Rxe6+ 35. dxe6+ Kxe6 36. Ke3 Bc5+ {Time forfeit} 0-1

[Event "Rated Blitz game"]
[Site "?"]
[Date "2021.04.19"]
[Round "?"]
[White "SergeiRK"]
[Black "CristianS27"]
[Result "0-1"]
[WhiteElo "2411"]
[BlackElo "2435"]
[PlyCount "80"]
[EventDate "2021.??.??"]
[EventType "blitz"]

1. e4 e5 2. Nf3 d5 3. Nxe5 dxe4 4. Bc4 Qg5 5. Bxf7+ Ke7 6. d4 Qxg2 7. Rf1 Bh3
8. Bc4 Nf6 9. Nc3 Nbd7 10. Bf4 Nb6 11. Be2 Nbd5 12. Qd2 Nxf4 13. Qxf4 g5 14.
Qe3 Qxh2 15. Qxg5 Bxf1 16. Bxf1 c6 17. Nxe4 Qh6 18. O-O-O Qxg5+ 19. Nxg5 Bh6
20. f4 Nd5 21. Ng4 Bxg5 22. fxg5 Rhg8 23. Re1+ Kd6 24. Ne5 Rae8 25. Bd3 Re7 26.
Rf1 Rxg5 27. Nf7+ Rxf7 28. Rxf7 h5 29. Rxb7 a5 30. Rh7 Rg1+ 31. Kd2 Rh1 32. a3
Rh2+ 33. Kc1 h4 34. c4 Nf4 35. Bf5 Ne2+ 36. Kb1 Nxd4 37. Bg4 a4 38. Rh5 Rh1+
39. Ka2 Nb3 40. c5+ Ke7 {Time forfeit} 0-1

[Event "Rated Blitz game"]
[Site "?"]
[Date "2021.04.19"]
[Round "?"]
[White "kahvitauko"]
[Black "KamranShirazi"]
[Result "1-0"]
[WhiteElo "2399"]
[BlackElo "2534"]
[PlyCount "75"]
[EventDate "2021.??.??"]
[EventType "blitz"]

1. e4 e5 2. Nf3 d5 3. exd5 e4 4. Qe2 Nf6 5. d3 Bb4+ 6. c3 O-O 7. dxe4 Bc5 8.
Bg5 c6 9. Nbd2 cxd5 10. e5 Re8 11. O-O-O Qb6 12. Nb3 Bxf2 13. Qb5 Be3+ 14. Bxe3
Qxe3+ 15. Kb1 Bf5+ 16. Bd3 Bd7 17. Qxb7 Bc6 18. Qc7 Ne4 19. Rhe1 Qh6 20. Nbd4
Bd7 21. Qb7 Bc6 22. Nxc6 Qxc6 23. Qxc6 Nxc6 24. Bxe4 dxe4 25. Rxe4 f6 26. Rde1
fxe5 27. Nxe5 Na5 28. b4 Nb7 29. Nc6 Rf8 30. b5 Nd6 31. Rb4 Rf2 32. Rd1 Nb7 33.
Rb2 Rf6 34. Rbd2 a6 35. c4 axb5 36. cxb5 Kf8 37. Rd7 Nc5 38. Rd8+ {Time forfeit
} 1-0

[Event "Rated Blitz game"]
[Site "?"]
[Date "2021.04.19"]
[Round "?"]
[White "lecitronvert"]
[Black "blastol"]
[Result "0-1"]
[WhiteElo "2476"]
[BlackElo "2395"]
[PlyCount "104"]
[EventDate "2021.??.??"]
[EventType "blitz"]

1. e4 e5 2. Nf3 d5 3. Nxe5 Bd6 4. d4 dxe4 5. Nc4 f5 6. Be2 Nf6 7. O-O Nc6 8.
Nxd6+ Qxd6 9. c3 Be6 10. Nd2 O-O 11. Nc4 Qe7 12. Bg5 Qf7 13. Bxf6 Qxf6 14. d5
Rad8 15. Ne3 f4 16. Qb3 fxe3 17. dxe6 exf2+ 18. Kh1 Kh8 19. Qxb7 Qxe6 20. Rad1
Rb8 21. Qxc7 Rxb2 22. Ba6 Ne5 23. Rd8 Re8 24. Qd6 Qg8 25. Rxe8 Qxe8 26. Qd4 Ng4
27. h3 e3 28. hxg4 e2 29. Bxe2 Rxe2 30. Rxf2 Re1+ 31. Kh2 Qb8+ 32. Qf4 Qxf4+
33. Rxf4 Kg8 34. Ra4 Re3 35. Rxa7 Rxc3 36. a4 Rc2 37. a5 Ra2 38. a6 h6 39. Kg3
Kh7 40. Ra8 Kg6 41. Kf4 Rxg2 42. a7 Ra2 43. Ke5 Kg5 44. Kd5 Kxg4 45. Kc6 g5 46.
Kb6 Rb2+ 47. Kc5 Ra2 48. Kb6 h5 49. Rc8 Rb2+ 50. Kc6 Rc2+ 51. Kb7 Ra2 52. Kc6
Rxa7 {Normal} 0-1

[Event "Rated Blitz game"]
[Site "?"]
[Date "2021.04.19"]
[Round "?"]
[White "vaiCheb0a"]
[Black "annaly1979"]
[Result "1-0"]
[WhiteElo "2453"]
[BlackElo "2408"]
[PlyCount "131"]
[EventDate "2021.??.??"]
[EventType "blitz"]

1. e4 e5 2. Nf3 d5 3. exd5 e4 4. Qe2 f5 5. d3 Nf6 6. Nc3 Bb4 7. dxe4 Bxc3+ 8.
bxc3 fxe4 9. Nd4 O-O 10. c4 c5 11. Nb3 Bf5 12. Be3 Nbd7 13. h3 Bg6 14. Qd2 b6
15. Be2 Ne5 16. O-O a5 17. a4 Rc8 18. Nc1 Qd7 19. Re1 Rce8 20. Na2 Bh5 21. Bf1
Qf7 22. Rab1 Qg6 23. Kh1 Nf3 24. gxf3 Bxf3+ 25. Kh2 Nh5 26. Nc3 Qd6+ 27. Kg1
Rf6 28. Nb5 Rg6+ 29. Bg5 Qe5 30. h4 h6 31. d6 hxg5 32. Qd5+ Qxd5 33. cxd5 gxh4+
34. Kh2 Rd8 35. Bh3 Nf4 36. Rg1 Rxg1 37. Rxg1 Nxh3 38. Kxh3 Be2 39. Rg6 Kf7 40.
Re6 g5 41. Nc3 Bc4 42. Kg4 Bxd5 43. Rh6 Be6+ 44. Kxg5 Rg8+ 45. Kf4 Rg4+ 46. Ke5
Bd7 47. Rh7+ Ke8 48. Re7+ Kd8 49. Nxe4 Rxe4+ 50. Kxe4 Bc6+ 51. Ke5 h3 52. Rg7
h2 53. Rh7 h1=Q 54. Rh2 Qxh2+ 55. f4 Qxf4+ 56. Kxf4 Kd7 57. Ke3 Bxa4 58. Kd2
Kxd6 59. c3 Kd5 60. Kc1 Kc6 61. Kb2 Bb5 62. Kc1 Bc4 63. Kd2 b5 64. Kc1 a4 65.
Kb2 a3+ 66. Kxa3 {Time forfeit} 1-0

[Event "Rated Blitz game"]
[Site "?"]
[Date "2021.04.19"]
[Round "?"]
[White "Izzrayizzix"]
[Black "annaly1979"]
[Result "0-1"]
[WhiteElo "2452"]
[BlackElo "2409"]
[PlyCount "36"]
[EventDate "2021.??.??"]
[EventType "blitz"]

1. e4 e5 2. Nf3 d5 3. Nxe5 Qe7 4. d4 f6 5. Nd3 Nc6 6. Be3 dxe4 7. Nf4 f5 8.
Qh5+ Qf7 9. Qxf7+ Kxf7 10. Bc4+ Ke8 11. Nc3 Nf6 12. O-O-O Bd6 13. Ne6 Bxe6 14.
Bxe6 f4 15. Bd2 Nxd4 16. Rhe1 Nxe6 17. Nxe4 Nxe4 18. Rxe4 Kf7 {Normal} 0-1

[Event "Rated Blitz game"]
[Site "?"]
[Date "2021.04.19"]
[Round "?"]
[White "Gonzaga22"]
[Black "Gifroy"]
[Result "1-0"]
[WhiteElo "2460"]
[BlackElo "2404"]
[PlyCount "39"]
[EventDate "2021.??.??"]
[EventType "blitz"]

1. e4 e5 2. Nf3 d5 3. Nc3 dxe4 4. Nxe4 Nf6 5. Nxf6+ Qxf6 6. d4 e4 7. Bg5 Qg6 8.
Qe2 Be6 9. Qb5+ Nd7 10. d5 Bf5 11. O-O-O exf3 12. Re1+ Be4 13. h4 f6 14. Bd3
Be7 15. Rxe4 Qf7 16. Rhe1 O-O-O 17. Rxe7 Qh5 18. Bf5 fxg5 19. Bxd7+ Kb8 20. Bc6
{Normal} 1-0

[Event "Rated Blitz game"]
[Site "?"]
[Date "2021.04.19"]
[Round "?"]
[White "morexcuses93"]
[Black "Fantastic_power06"]
[Result "1-0"]
[WhiteElo "2605"]
[BlackElo "2583"]
[PlyCount "161"]
[EventDate "2021.??.??"]
[EventType "blitz"]

1. e4 e5 2. Nf3 d5 3. Nxe5 Bd6 4. d4 dxe4 5. Qe2 Bxe5 6. dxe5 Nc6 7. Qxe4 Qd4
8. Bd3 Qxe5 9. Bf4 Qe7 10. Qxe7+ Ngxe7 11. Bxc7 Bf5 12. Bxf5 Nxf5 13. O-O O-O
14. Nc3 Rac8 15. Bg3 h5 16. Rad1 Nfd4 17. Rd2 Rfd8 18. Rfd1 Rd7 19. Kf1 Rcd8
20. Ne4 f5 21. Nc5 Rd5 22. Nb3 g5 23. f4 Nxc2 24. Rxd5 Ne3+ 25. Ke2 Nxd5 26.
fxg5 Re8+ 27. Kf2 Ne3 28. Re1 Ng4+ 29. Kf1 Rxe1+ 30. Kxe1 Nb4 31. Kd2 Kf7 32.
h3 Ne5 33. Bxe5 Ke6 34. Bb8 Nd5 35. Nd4+ Kf7 36. Nxf5 Kg6 37. Ne3 Nb4 38. h4
Nc6 39. Bd6 a6 40. b4 Na7 41. a4 Nc8 42. Bc7 Ne7 43. Kd3 Nc6 44. Kc4 Kf7 45. b5
axb5+ 46. axb5 Ne7 47. Kc5 Nc8 48. Nc4 Ke6 49. Nd6 Ne7 50. Nxb7 Kd7 51. Kb6
Nd5+ 52. Kc5 Nxc7 53. Nd6 Ne6+ 54. Kd5 Nf4+ 55. Ke5 Nd3+ 56. Kd4 Nf4 57. Ne4
Ne6+ 58. Ke5 Ng7 59. Nf6+ Ke7 60. b6 Kd8 61. b7 Kc7 62. Nd5+ Kb8 63. Nf6 Ne8
64. Nxe8 Kxb7 65. Nd6+ Kc7 66. Kf5 Kd7 67. Kg6 Kxd6 68. Kxh5 Ke7 69. Kg6 Kf8
70. Kh7 Kf7 71. g6+ Kf8 72. g7+ Kf7 73. g8=Q+ Kf6 74. Qg3 Kf5 75. Qf3+ Ke6 76.
g4 Kd7 77. Qf5+ Kc7 78. g5 Kb7 79. Qe5 Ka7 80. Qd5 Kb8 81. Qc5 {Time forfeit}
1-0

[Event "Rated Blitz game"]
[Site "?"]
[Date "2021.04.19"]
[Round "?"]
[White "kacper05"]
[Black "Stale_Bread0"]
[Result "1/2-1/2"]
[WhiteElo "2540"]
[BlackElo "2740"]
[PlyCount "105"]
[EventDate "2021.??.??"]
[EventType "blitz"]

1. e4 e5 2. Nf3 d5 3. exd5 e4 4. Qe2 Nf6 5. Nc3 Be7 6. Nxe4 Nxe4 7. Qxe4 O-O 8.
Be2 Re8 9. O-O Nd7 10. d4 Nf6 11. Qd3 Nxd5 12. a3 Bd6 13. c4 Nf4 14. Bxf4 Bxf4
15. Rfe1 Qf6 16. Bf1 Bf5 17. Qd1 Be4 18. Bd3 Bxf3 19. Qxf3 Qxd4 20. g3 Bd6 21.
b4 c6 22. c5 Bf8 23. Rad1 Qb2 24. Bc4 Qf6 25. Qxf6 gxf6 26. Rxe8 Rxe8 27. Kg2
a5 28. Rd7 Re7 29. Rxe7 Bxe7 30. Kf3 Kg7 31. Ke4 axb4 32. axb4 Kg6 33. f4 Bd8
34. b5 f5+ 35. Kf3 Kf6 36. bxc6 bxc6 37. Ba6 Be7 38. Bb7 Bxc5 39. Bxc6 h6 40.
h3 Bg1 41. g4 fxg4+ 42. hxg4 Bc5 43. Bd5 Bd6 44. Bc4 Bc7 45. Bd3 Bd6 46. Bc4
Kg7 47. Bb3 f6 48. Bc2 Kf8 49. Ke4 Ke7 50. Kf5 Bc7 51. g5 hxg5 52. fxg5 fxg5
53. Kxg5 {Normal} 1/2-1/2

[Event "Rated Blitz tournament t8JgqN9O"]
[Site "?"]
[Date "2021.04.19"]
[Round "?"]
[White "kmsalex"]
[Black "Schachelite"]
[Result "0-1"]
[WhiteElo "2292"]
[BlackElo "2412"]
[PlyCount "142"]
[EventDate "2021.??.??"]
[EventType "blitz"]

1. e4 e5 2. Nf3 d5 3. Nxe5 Bd6 4. d4 dxe4 5. Nc4 Nf6 6. Nc3 O-O 7. Be2 Nc6 8.
Bg5 Re8 9. Qd2 Bf5 10. O-O-O a6 11. h3 b5 12. Ne3 Bg6 13. Ncd5 Be7 14. Nxe7+
Qxe7 15. Ng4 Rad8 16. Nxf6+ gxf6 17. Be3 Nxd4 18. Bxd4 c5 19. Qe3 cxd4 20. Rxd4
Rxd4 21. Qxd4 Rd8 22. Qe3 Qe6 23. Kb1 Qe5 24. Rd1 Rxd1+ 25. Bxd1 f5 26. g3 Qe6
27. h4 Qd6 28. Kc1 Kg7 29. h5 Qe6 30. hxg6 fxg6 31. Qd4+ Kh6 32. a3 g5 33. Be2
f4 34. c4 e3 35. gxf4 exf2 36. fxg5+ Kxg5 37. Qxf2 bxc4 38. Qg3+ Kf6 39. Qf4+
Kg7 40. Bxc4 Qe1+ 41. Kc2 h6 42. Bd3 Qe6 43. Qf5 Qc6+ 44. Kb1 Qh1+ 45. Ka2 Qh4
46. Bxa6 h5 47. Bd3 Qd4 48. Qg6+ Kf8 49. Bc2 h4 50. Bb3 Ke7 51. Qf7+ Kd6 52.
Qf8+ Kd7 53. Qf5+ Kd6 54. Qe6+ Kc7 55. Qe7+ Kc6 56. Qb4 Qxb4 57. axb4 h3 58.
Bd1 Kb5 59. Kb3 h2 60. Bf3 Kb6 61. Bh1 Kb5 62. Kc3 Kb6 63. b3 Kb5 64. Bg2 Kb6
65. Kc4 Kc7 66. b5 Kb6 67. Kb4 Kc7 68. Kc5 Kb8 69. Bh1 Ka7 70. b6+ Kb8 71. Kb5
Kc8 {Time forfeit} 0-1

[Event "Rated Blitz game"]
[Site "?"]
[Date "2021.04.19"]
[Round "?"]
[White "pzard"]
[Black "KamranShirazi"]
[Result "1-0"]
[WhiteElo "2521"]
[BlackElo "2534"]
[PlyCount "85"]
[EventDate "2021.??.??"]
[EventType "blitz"]

1. e4 e5 2. Nf3 d5 3. exd5 e4 4. Qe2 Nf6 5. Nc3 Be7 6. Nxe4 Nxd5 7. d3 O-O 8.
Nc3 Bb4 9. Bd2 Re8 10. Ne4 Bxd2+ 11. Qxd2 f5 12. O-O-O fxe4 13. dxe4 Rxe4 14.
Qxd5+ Qxd5 15. Rxd5 Nc6 16. Ng5 Rf4 17. g3 Rxf2 18. Bc4 Kh8 19. Re1 Bf5 20.
Nf7+ Kg8 21. Rxf5 Rxf5 22. Nh6+ Kf8 23. Nxf5 Rd8 24. Rf1 g6 25. Nd4+ Ke7 26.
Nxc6+ bxc6 27. Rf7+ Kd6 28. Rxh7 Rf8 29. b4 Rf2 30. Rh6 Ke5 31. h4 Rf6 32. Bd3
Kd4 33. Kb2 c5 34. bxc5 Kxc5 35. Rxg6 Rf3 36. h5 Kd4 37. h6 Rf7 38. Rg7 Rf6 39.
h7 Rh6 40. Rg8 Rb6+ 41. Kc1 Rh6 42. h8=Q+ Rxh8 43. Rxh8 {Normal} 1-0

[Event "Rated Rapid game"]
[Site "?"]
[Date "2021.04.19"]
[Round "?"]
[White "lau_ocs"]
[Black "Melladov"]
[Result "0-1"]
[WhiteElo "2511"]
[BlackElo "2745"]
[PlyCount "52"]
[EventDate "2021.??.??"]
[EventType "rapid"]

1. e4 e5 2. Nf3 d5 3. Nxe5 Bd6 4. d4 dxe4 5. Nc4 Nf6 6. Be2 O-O 7. Nxd6 Qxd6 8.
O-O Nc6 9. c3 Bf5 10. Be3 Rad8 11. Nd2 Rfe8 12. Qb3 b6 13. Nc4 Qd7 14. Bg5 Be6
15. Bxf6 gxf6 16. Qa4 Nxd4 17. Qd1 Nxe2+ 18. Qxe2 Qd3 19. Qxd3 Rxd3 20. Ne3 f5
21. g3 Kg7 22. c4 Kf6 23. Rfd1 Red8 24. b3 Ke5 25. Kf1 f4 26. gxf4+ Kxf4 {
Normal} 0-1

[Event "Rated Blitz game"]
[Site "?"]
[Date "2021.04.19"]
[Round "?"]
[White "Alfaray03"]
[Black "annaly1979"]
[Result "1-0"]
[WhiteElo "2324"]
[BlackElo "2414"]
[PlyCount "113"]
[EventDate "2021.??.??"]
[EventType "blitz"]

1. e4 e5 2. Nf3 d5 3. exd5 e4 4. Qe2 f5 5. d3 Nf6 6. Nc3 Bb4 7. dxe4 Bxc3+ 8.
bxc3 fxe4 9. Ng5 O-O 10. Qc4 b5 11. Qb3 Nxd5 12. Bxb5 c6 13. Bc4 Na6 14. O-O
Nc5 15. Qa3 Ne6 16. Nxe4 Nef4 17. Bxf4 Rxf4 18. f3 Be6 19. Kh1 Rh4 20. Rfe1 Bf7
21. g3 Rh5 22. Nd6 Qc7 23. Rab1 Rh6 24. Nf5 Rf6 25. Bd3 Bg6 26. Nd4 Raf8 27.
Ne6 Rxe6 28. Rxe6 Bxd3 29. cxd3 Qf7 30. Re2 Qxf3+ 31. Rg2 Ne3 32. Qb2 Nxg2 33.
Qxg2 Qxd3 34. Rg1 Qxc3 35. Qe2 Kh8 36. h4 h6 37. Kh2 a5 38. a4 Qd4 39. Rg2 Qxa4
40. Qe6 Qb5 41. Qe7 Rb8 42. Rf2 Qd5 43. h5 Rg8 44. g4 Qd4 45. Qf7 Qxf2+ 46.
Qxf2 a4 47. Qa2 Ra8 48. Qa3 c5 49. Qxc5 a3 50. Qc1 a2 51. Qa1 Ra3 52. Kg2 Kg8
53. Kf2 Kf7 54. Ke2 Ke6 55. Kd2 Kd5 56. Kc2 Ra4 57. Qxg7 {Time forfeit} 1-0

[Event "Rated Blitz game"]
[Site "?"]
[Date "2021.04.19"]
[Round "?"]
[White "JacobAagaard"]
[Black "Jomajo"]
[Result "1-0"]
[WhiteElo "2629"]
[BlackElo "2652"]
[PlyCount "71"]
[EventDate "2021.??.??"]
[EventType "blitz"]

1. e4 e5 2. Nf3 d5 3. d4 dxe4 4. Nxe5 Bd6 5. Bc4 Bxe5 6. Qh5 Qe7 7. Qxe5 Qxe5
8. dxe5 Nc6 9. Bf4 Nd4 10. Na3 Ne6 11. Bg3 a6 12. O-O-O Ne7 13. Rhe1 Nc5 14. e6
Nxe6 15. Bxe6 Bxe6 16. Bxc7 Rc8 17. Bd6 Nf5 18. Rxe4 Nxd6 19. Rxd6 O-O 20. b3
b5 21. Kd2 a5 22. Nxb5 Rc5 23. c4 Bf5 24. Red4 Bb1 25. Nc3 Bg6 26. R4d5 Rc7 27.
Rd8 Ra7 28. Nb5 Ra6 29. R5d6 Ra8 30. Rxa8 Rxa8 31. Kc3 Kf8 32. c5 Ke7 33. Rd2
Rc8 34. Kc4 Bf5 35. Nd6 Rb8 36. Nxf5+ {Normal} 1-0

[Event "Rated Blitz game"]
[Site "?"]
[Date "2021.04.19"]
[Round "?"]
[White "Cyberforce"]
[Black "tactinhos2900"]
[Result "1-0"]
[WhiteElo "2626"]
[BlackElo "2642"]
[PlyCount "159"]
[EventDate "2021.??.??"]
[EventType "blitz"]

1. e4 e5 2. Nf3 d5 3. exd5 e4 4. Qe2 Be7 5. Qxe4 Nf6 6. Qe2 O-O 7. Qd1 c6 8.
Be2 Nxd5 9. d4 Bd6 10. O-O Re8 11. c4 Nf4 12. Bxf4 Bxf4 13. Nc3 Bf5 14. Re1 Nd7
15. Qb3 Qc7 16. h3 a6 17. Bf1 b5 18. Rxe8+ Rxe8 19. a4 bxc4 20. Bxc4 Nb6 21.
Bxa6 Be6 22. Qc2 Nd5 23. Bf1 Nb4 24. Qd1 Qa5 25. g3 Bd6 26. Qd2 Qc7 27. Bg2 h6
28. Ne4 Bf8 29. Nc5 Bd5 30. Qxb4 Qe7 31. Qd2 Qf6 32. Re1 Rd8 33. Qf4 Qg6 34.
Ne5 Qf6 35. Bxd5 Rxd5 36. Qxf6 gxf6 37. Nxc6 Bxc5 38. dxc5 Rxc5 39. Ne7+ Kf8
40. g4 Rc4 41. Nf5 Rxa4 42. Rb1 Ke8 43. b4 Ra6 44. b5 Rb6 45. Ne3 Kd7 46. Nd5
Rb7 47. b6 Ke6 48. Nc7+ Ke5 49. Na6 Kd5 50. Rb5+ Kc6 51. Rf5 Kxb6 52. Rxf6+ Kb5
53. Rxh6 Rd7 54. Rf6 Kc4 55. Kg2 Kd4 56. Kg3 Ke5 57. Rf5+ Ke6 58. h4 Rd3+ 59.
f3 Rd1 60. Nc5+ Ke7 61. Ne4 Rg1+ 62. Kf4 Ra1 63. h5 Ra6 64. Re5+ Kf8 65. g5 Kg7
66. Rf5 Ra1 67. h6+ Kg8 68. Rf6 Rf1 69. h7+ Kxh7 70. Rxf7+ Kg8 71. Rf6 Kg7 72.
Ke5 Re1 73. f4 Re2 74. Kf5 Ra2 75. g6 Ra5+ 76. Kg4 Ra4 77. Kg5 Ra1 78. Rf7+ Kg8
79. Nf6+ Kh8 80. Rh7# {Normal} 1-0

[Event "Rated Blitz game"]
[Site "?"]
[Date "2021.04.19"]
[Round "?"]
[White "floress26"]
[Black "annaly1979"]
[Result "1-0"]
[WhiteElo "2336"]
[BlackElo "2417"]
[PlyCount "69"]
[EventDate "2021.??.??"]
[EventType "blitz"]

1. e4 e5 2. Nf3 d5 3. Nxe5 Qe7 4. d4 f6 5. Nd3 Nc6 6. Be3 dxe4 7. Nf4 f5 8. Nd5
Qf7 9. Nbc3 Nf6 10. Bc4 Be6 11. Nxc7+ Qxc7 12. Bxe6 Bb4 13. O-O f4 14. Bd2 Rd8
15. d5 Bxc3 16. Bxc3 Ne5 17. Bxe5 Qxe5 18. c4 f3 19. Qa4+ Kf8 20. Qxa7 g5 21.
Qxb7 Nd7 22. c5 fxg2 23. Rfe1 Ke8 24. c6 Rf8 25. cxd7+ Ke7 26. Qb4+ Kf6 27.
Qxe4 Qxe4 28. Rxe4 Ke7 29. Rae1 Kd6 30. Kxg2 h5 31. Ra4 Ra8 32. Rxa8 Rxa8 33.
Bf5 Rf8 34. Re8 Rxf5 35. d8=Q+ {Normal} 1-0

[Event "Rated Blitz game"]
[Site "?"]
[Date "2021.04.19"]
[Round "?"]
[White "gaviacula"]
[Black "annaly1979"]
[Result "0-1"]
[WhiteElo "2339"]
[BlackElo "2414"]
[PlyCount "124"]
[EventDate "2021.??.??"]
[EventType "blitz"]

1. e4 e5 2. Nf3 d5 3. exd5 e4 4. Qe2 f5 5. d3 Nf6 6. dxe4 fxe4 7. Nc3 Bb4 8.
Bd2 Bxc3 9. Bxc3 O-O 10. Nd2 Nxd5 11. Qc4 c6 12. Nxe4 Bf5 13. O-O-O Bxe4 14.
Qxe4 Rxf2 15. Bc4 Kh8 16. Bxd5 cxd5 17. Rxd5 Qf8 18. Rhd1 Nc6 19. Rd7 Rf7 20.
b3 Rc8 21. Kb2 a5 22. a4 Nb4 23. Bxb4 axb4 24. Rxf7 Qxf7 25. Qxb4 Qf6+ 26. Qd4
Qf8 27. h4 h6 28. Rd3 Qf1 29. Rg3 Qf7 30. a5 Rc7 31. h5 Rd7 32. Qe5 Re7 33.
Qb8+ Kh7 34. Rg6 Qd5 35. Qg3 Qxh5 36. Rd6 Qxa5 37. Qd3+ Kg8 38. Rd8+ Kf7 39.
Qc4+ Kg6 40. Qd3+ Kf7 41. Qc4+ Re6 42. Rd7+ Kf6 43. Qf4+ Qf5 44. Rf7+ Kxf7 45.
Qxf5+ Rf6 46. Qd7+ Kg6 47. Qxb7 Rf5 48. Qe4 Kf6 49. Qxf5+ Kxf5 50. b4 Ke5 51.
b5 Kd5 52. c4+ Kc5 53. Kc3 g5 54. Kd3 h5 55. Ke3 Kxc4 56. Kf3 Kxb5 57. Kg3 Kc5
58. Kf3 Kd5 59. g4 h4 60. Kg2 Ke4 61. Kh3 Kf4 62. Kg2 Kxg4 {Time forfeit} 0-1

[Event "Rated Blitz game"]
[Site "?"]
[Date "2021.04.19"]
[Round "?"]
[White "macdoforever"]
[Black "pasha1984"]
[Result "1-0"]
[WhiteElo "2527"]
[BlackElo "2457"]
[PlyCount "67"]
[EventDate "2021.??.??"]
[EventType "blitz"]

1. e4 e5 2. Nf3 d5 3. exd5 e4 4. Qe2 Nf6 5. Nc3 Be7 6. Nxe4 Nxd5 7. c4 Nb6 8.
d4 O-O 9. Be3 Re8 10. O-O-O f5 11. Nc3 Bb4 12. Qd3 Nc6 13. d5 Ne5 14. Nxe5 Rxe5
15. Bd4 Re8 16. Qg3 Qe7 17. Bd3 Qf7 18. Rde1 Bd7 19. a3 Bd6 20. Qf3 c5 21. Be3
f4 22. Bd2 Bf5 23. Ne4 Bxe4 24. Rxe4 Rxe4 25. Qxe4 g6 26. Re1 Kf8 27. Qe6 Qxe6
28. Rxe6 Rd8 29. b4 Kf7 30. Rxd6 Rxd6 31. bxc5 Rf6 32. cxb6 axb6 33. Bc3 Rd6
34. Be5 {Normal} 1-0

[Event "Rated Blitz game"]
[Site "?"]
[Date "2021.04.19"]
[Round "?"]
[White "ElAsesinoFavorito"]
[Black "Jomajo"]
[Result "0-1"]
[WhiteElo "2708"]
[BlackElo "2654"]
[PlyCount "58"]
[EventDate "2021.??.??"]
[EventType "blitz"]

1. e4 e5 2. Nf3 d5 3. exd5 e4 4. Qe2 Qe7 5. Nd4 Nf6 6. d3 exd3 7. Qxe7+ Bxe7 8.
Bxd3 Nxd5 9. O-O O-O 10. Re1 Bf6 11. Nb5 a6 12. N1c3 Nxc3 13. Nxc3 Be6 14. Ne4
Be7 15. Ng5 Bxg5 16. Bxg5 Nd7 17. Be4 c6 18. Rad1 Rfe8 19. Bd3 h6 20. Bc1 a5
21. a4 Nc5 22. b3 Nxd3 23. Rxd3 Bf5 24. Rxe8+ Rxe8 25. Re3 Rxe3 26. Bxe3 Bxc2
27. Bd2 Bxb3 28. Bxa5 Bxa4 29. Bb6 f6 {Normal} 0-1